000 00404nam a2200145Ia 4500
003 GCL
008 140319s9999 xx 000 0 ara d
040 _aGCL /
_cGCL
082 0 4 _a301.01
_bم ا
100 1 _aمحمود عوده
245 1 0 _aاسس علم الاجتماع /
_cمحمود عوده
260 _a[S.N] :
_bدار المعرفة الجامعية ،
_c1993
300 _a259 ص
490 _a
999 _c49334
_d49334